Statistics for Star Alliance Members

Click here to take the quiz!

General Stats

  • This quiz has been taken 66 times
  • The average score is 17 of 26

Answer Stats

Answer% Correct
EuropeLufthansa
97%
EuropeSWISS
90%
North AmericaUnited Airlines
90%
North AmericaAir Canada
87%
AsiaAir China
81%
AfricaEthiopian Airlines
77%
OceaniaAir New Zealand
74%
AsiaAll Nippon Airways
74%
EuropeTAP Air Portugal
74%
EuropeSAS
71%
AsiaSingapore Airlines
71%
AsiaAir India
68%
EuropeAustrian
68%
AsiaTurkish Airlines
68%
EuropeLOT
65%
AfricaSouth African Airways
65%
South AmericaAvianca
61%
EuropeBrussels Airlines
61%
AsiaThai Airways
61%
EuropeAegean
58%
AfricaEgyptair
55%
AsiaEVA Air
52%
AsiaAsiana Airlines
45%
EuropeCroatia Airlines
45%
North AmericaCopa Airlines
42%
AsiaShenzhen Airlines
26%

Score Distribution

Percentile by Number Answered

Percent of People with Each Score

Your Score History

You have not taken this quiz